000 01636 a2200301 4500
003 NUST
005 20221122174142.0
020 _a0-07-119859-8 (ISE)
020 _a0-07-246836-X
020 _a978-0-07-124248-6 (international ed.)
040 _cNust
082 _a519.2,MIL
100 1 _aMilton, J. Susan
_9100895
245 0 0 _aIntroduction to probability and statistics :
_bprinciples and applications for engineering and the computing sciences /
_cJ. Susan Milton, Jesse C. Arnold
250 _a4. ed.
260 _aBoston :
_bMcGraw-Hill,
_ccop. 2003
300 _axvii, 798 s. :
_bill.
505 _aIntroduction to Probability and Counting (Page-1), Some Probability Laws (Page-25), Discrete Distributions (Page-450, Continuous Distributions (Page-98), Joint Distributions (Page-156), Descriptive Statistics (Page-1910, Estimation (Page-2250, Inferences on the Mean and Variance of a Distribution (Page-259), Inferences on Proportions (Page-312), Comparing Two Means and Two Variances (Page-336), Simple Linear Regression and Correlation (Page-378), Multiple Linear Regression Models (Page-4430, Analysis of Variances (Page-511), Factorial Experiments (Page-574), Categorical Data (Page-623), Statistical Quality Control (Page-649), Appendixes (Page-686).
650 0 _aElectronic data processing
_xMathematics
_9103389
650 0 _aEngineering mathematics
650 0 _aMatematisk statistik
_9103390
650 0 _aMathematical statistics
_961
650 0 _aProbabilities
650 0 _aSannolikhetskalkyl
_995846
650 0 _aStatistics
_969
700 1 _aArnold, Jesse C.
_9100896
942 _2ddc
_cBK
_k519.2,MIL
999 _c190507
_d190507